K udržitelnosti průběžného důchodového systému v kontextu stárnutí populace v České republice

Ekonomické motívy dôchodkovej reformy v Českej republike. Miera participácie a potenciálny produkt. Model Overlapping generations.

Enregistré dans:
Détails bibliographiques
Auteur principal: Janíčko, Martin
Autres auteurs: Tsharakyan, Ashot
Format: Chapitre de livre
Langue:tchèque
Sujets:
Tags: Ajouter un tag
Pas de tags, Soyez le premier à ajouter un tag!

MARC

LEADER 00000naa a2200000 4500
001 0174390
005 20231207121333.1
041 0 |a cze 
044 |a CZ 
245 1 0 |a K udržitelnosti průběžného důchodového systému v kontextu stárnutí populace v České republice  |c Martin Janíčko, Ashot Tsharakyan 
520 |a Ekonomické motívy dôchodkovej reformy v Českej republike. Miera participácie a potenciálny produkt. Model Overlapping generations. 
610 2 0 |a Česko 
610 2 0 |a rozvoj trvalo udržateľný 
610 2 0 |a reformy dôchodkové 
610 2 0 |a trh práce 
610 2 0 |a flexikurita 
100 1 |a Janíčko, Martin 
700 1 |a Tsharakyan, Ashot